| 000 | 00472nam a22001457a 4500 | ||
|---|---|---|---|
| 020 | _a9781509304066 | ||
| 040 | _cNUST | ||
| 082 |
_a005.276 _bCHA |
||
| 100 |
_aChambers ,James _9123480 |
||
| 110 |
_aPaquette , David , Timms , Simon _9123481 |
||
| 245 |
_aASP.NET Core Application Development : _bBuilding an Application in four sprints |
||
| 260 |
_aWashington: _bMicrosoft Press, _c2017. |
||
| 650 |
_aASP.NET Core Application Development : _9123482 |
||
| 942 |
_2ddc _cBK |
||
| 999 |
_c609661 _d609661 |
||